Sotto l'ombrellone : otto racconti inediti.

Guardat en:
Dades bibliogràfiques
Format: Llibre
Idioma:italià
Publicat: [Milano] : Babilonia Edizioni, [s.d.]
Etiquetes: Afegir etiqueta
Sense etiquetes, Sigues el primer a etiquetar aquest registre!

MARC

LEADER 00000nam a22000007i 4500
001 IT\ICCU\UBO\3319781
003 ItRI
005 20260115232226.0
008 071113quuuuuuuuit |||||| ||||| |||||c
040 |b ita  |c importazione bologna sebina 
041 7 |a ita  |2 ISO-639-2 
245 0 0 |a Sotto l'ombrellone :  |b otto racconti inediti. 
260 |a [Milano] :  |b Babilonia Edizioni,  |c [s.d.] 
300 |a 32 p. :  |b ill. ;  |c 20 cm 
500 |a Tit. della cop. 
772 1 |w IT\ICCU\CFI\0388461  |t Babilonia 
942 |2 ddc  |c BK  |n 0 
952 |0 0  |1 0  |4 0  |6 DOC_853_010000000000000_SOT  |7 0  |9 22358  |a BO  |b BO  |d 2026-01-15  |i 5381  |l 0  |o DOC 853.010 SOT  |p BO5381  |r 2026-01-15 23:22:26  |w 2026-01-15  |x [Sebina 5] [1 v. (2. copia)]  |y BK  |z 1 v. (2. copia) 
952 |0 0  |1 0  |4 0  |6 DOC_853_010000000000000_SOT  |7 0  |9 22359  |a BO  |b BO  |d 2026-01-15  |i 4774  |l 0  |o DOC 853.010 SOT  |p BO4774  |r 2026-01-15 23:22:26  |w 2026-01-15  |x [Sebina 7] [1 v.]  |y BK  |z 1 v. 
952 |0 0  |1 0  |4 0  |6 DOC_853_010000000000000_SOT  |7 0  |9 22360  |a BO  |b BO  |d 2026-01-15  |i 2577  |l 0  |o DOC 853.010 SOT  |p BO2577  |r 2026-01-15 23:22:26  |w 2026-01-15  |x [Sebina 7] [1 v. (3. copia)]  |y BK  |z 1 v. (3. copia) 
999 |c 19094  |d 19094